Ifjúsági fórum a gumigyárban

Elmentve itt :
Bibliográfiai részletek
Dokumentumtípus: Cikk
Megjelent: 1975-06-08
Sorozat:Délmagyarország 65 No. 133
Kulcsszavak:Gumigyár
Online Access:http://dmarchiv.bibl.u-szeged.hu/107282
LEADER 00398nab a2200145 i 4500
001 delm107282
005 20190425103138.0
008 190425s1975 hu o 0|| hun d
040 |a SZTE Délmagyarország Archívum  |b hun 
041 |a hun 
245 0 0 |a Ifjúsági fórum a gumigyárban  |h [elektronikus dokumentum] 
260 |c 1975-06-08 
300 |a 4 
490 0 |a Délmagyarország  |v 65 No. 133 
695 |a Gumigyár